| 000 | 00997cad a22002055a 4500 | ||
|---|---|---|---|
| 001 | L150573 | ||
| 008 | 100729s2010 xxk f 000 0 eng d | ||
| 035 | _a(Sirsi) u150573 | ||
| 041 | 0 | _aeng | |
| 050 | 0 | 4 | _a306.1 $2 18 |
| 110 | 2 |
_aSavills Research _95211 |
|
| 245 | 0 | 0 |
_aSpotlight on student housing _h[electronic resource] |
| 260 |
_aLondon _bSavills _c2010 |
||
| 520 | _aInvestment potential of student housing market. Recent changes to central government funding for UK universities and the likely impact on the growth in student numbers and the impact on the number of student beds available in both purpose built student accommodation market and the buy-to-let sector. | ||
| 590 | _aKA | ||
| 651 | 4 | _aENGLAND AND WALES | |
| 690 |
_aResidential property _96266 |
||
| 856 | 4 | 8 |
_uhttps://www.savills.co.uk/PdfStream.aspx?url=http://www.savills.co.uk/cmsoutput/pdfs/uber_research/pdfs/SpotlightonStudentHousingFINALLow.pdf _zView this item free of charge at www.savills.co.uk |
| 942 | _n0 | ||
| 999 |
_c110911 _d110911 |
||